00379pab a2200145 454500008004000000100001400040245005200054260000900106300001100115362000900126650003600135700001400171700001400185773003400199180718b1983 xxu||||| |||| 00| 0 eng d aAlgie, J. aFinancial cutback decisions by priority scaling c1983 a233-60 aApr. aSocial Service - Finance - U.K. aW. Foster aG. Mallen aJournal of Management Studies